Statistics for Kraków John Paul II Int. Airport Destinations (Kraków, Poland)

Click here to take the quiz!

General Stats

  • This quiz has been taken 39 times
  • The average score is 86 of 116

Answer Stats

AirlineDestination% Correct
KLMAmsterdam
100%
Aegean Airlines/RyanairAthens
100%
RyanairBerlin
100%
FinnairHelsinki
100%
RyanairLisbon
100%
easyJet/Wizz AirLondon (Gatwick)
100%
British AirwaysLondon (Heathrow)
100%
easyJet/Ryanair/Wizz AirLondon (Luton)
100%
RyanairLondon (Stansted)
100%
LufthansaMunich
100%
Norwegian Air Shuttle/Wizz AirOslo
100%
Air France/easyJetParis (Charles de Gaulle)
100%
RyanairRome (Ciampino)
100%
Wizz AirRome (Fiumicino)
100%
Ryanair/Wizz AirBarcelona
96%
Air SerbiaBelgrade
96%
RyanairDublin
96%
LufthansaFrankfurt
96%
LOT Polish Airlines/Turkish AirlinesIstanbul
96%
RyanairMarseille
96%
Wizz AirMilan (Malpensa)
96%
Enter Air/RyanairPalermo
96%
Norwegian Air Shuttle/RyanairStockholm (Arlanda)
96%
Wizz AirStockholm (Skavsta)
96%
flydubaiDubai (International)
93%
EurowingsDusseldorf
93%
Jet2.com/RyanairGlasgow
93%
Wizz AirLyon
93%
RyanairMadrid
93%
easyJet/Jet2.com/RyanairManchester
93%
Austrian Airlines/RyanairVienna
93%
LOT Polish AirlinesWarsaw (Chopin)
93%
Buzz/Enter Air/Pegasus Airlines/SunExpressAntalya
89%
Jet2.com/Ryanair/Wizz AirBirmingham
89%
easyJet/RyanairBristol
89%
easyJet/RyanairEdinburgh
89%
RyanairGdansk
89%
LuxairLuxembourg
89%
Wizz AirNice
89%
Swiss International Air LinesZurich
89%
RyanairAlicante
86%
RyanairBari
86%
easyJetBasel/Mulhouse
86%
Norwegian Air ShuttleBergen
86%
RyanairBologna
86%
Wizz AirHeraklion
86%
Jet2.com/Ryanair/Wizz AirLeeds/Bradford
86%
Ryanair/Wizz AirMalaga
86%
Buzz/RyanairPalma de Mallorca
86%
LOT Polish Airlines/Ryanair/Wizz AirTel Aviv
86%
Wizz AirAbu Dhabi
82%
RyanairLiverpool
82%
RyanairNaples
82%
Jet2.com/RyanairNewcastle upon Tyne
82%
RyanairTenerife (South)
82%
RyanairTurin
82%
RyanairValencia
82%
easyJet/RyanairBelfast (International)
79%
RyanairBordeaux
79%
RyanairCorfu
79%
RyanairGran Canaria
79%
RyanairMalta
79%
RyanairNuremberg
79%
EurowingsStuttgart
79%
RyanairChania
75%
Wizz AirLarnaca
75%
LOT Polish AirlinesNewark
75%
Enter Air/RyanairRhodes
75%
RyanairThessaloniki
75%
RyanairToulouse
75%
RyanairBergamo
71%
Ryanair/Wizz AirCatania
71%
RyanairGothenburg
71%
BuzzTirana
71%
RyanairVarna
71%
RyanairAmman (Queen Alia)
68%
Buzz/Enter Air/Ryanair/Wizz AirBurgas
68%
Ryanair/Wizz AirEindhoven
68%
RyanairPaphos
68%
RyanairPisa
68%
Wizz AirReykjavik
68%
RyanairSeville
68%
Wizz AirSplit
68%
Norwegian Air ShuttleTrondheim
68%
RyanairAgadir
64%
RyanairBillund
64%
RyanairCagliari
64%
LOT Polish AirlinesChicago (O'Hare)
64%
RyanairLille
64%
RyanairSantorini
64%
RyanairZadar
64%
Enter AirHurghada
61%
RyanairDortmund
57%
Norwegian Air Shuttle/Wizz AirStavanger
57%
RyanairSzczecin
57%
RyanairBeauvais
54%
RyanairCharleroi
54%
Jet2.com/RyanairEast Midlands
50%
RyanairGirona
50%
LOT Polish AirlinesBydgoszcz
46%
RyanairShannon
46%
RyanairAncona
43%
RyanairBournemouth
43%
RyanairLamezia Terme
39%
RyanairTreviso
39%
RyanairEilat
36%
Wizz AirKutaisi
36%
RyanairRimini
32%
RyanairMemmingen
29%
RyanairPescara
25%
Norwegian Air Shuttle/RyanairCopehagen
21%
Enter AirMadeira
21%
RyanairLourdes
18%
RyanairPerugia
18%
RyanairSandefjord
11%
LOT Polish Airlines/RyanairOlsztyn-Mazury
7%

Score Distribution

Percentile by Number Answered

Percent of People with Each Score

Your Score History

You have not taken this quiz